Religious Mugs Quiz Stats

Quiz Updated Dec 4, 2017

Challenge
Share
Tweet
Score 0/20 Timer 05:00
2 Plays Today
% Correct
Judaism
98.1%
Christianity
94%
Hinduism
81.9%
Buddhism
76.8%
Islam
70.5%
Louisiana Voodoo
62.5%
Taoism
61.2%
Ancient Egyptian Mythology
57.4%
Shinto
56.6%
Rastafari
54.4%
% Correct
Wicca
41.9%
Pastafarianism
40.2%
Sikhism
38.9%
Mormonism
27%
Scientology
26.1%
Zoroastrianism
25.4%
Jainism
22.3%
Bahá'í Faith
22.1%
Germanic Neopaganism
11.9%
Druidry
7%

You're not logged in!

Compare scores with friends on all Sporcle quizzes.
Join for Free
OR
Log In

You Might Also Like...

Show Comments

Extras

Top Quizzes Today


Score Distribution

Your Account Isn't Verified!

In order to create a playlist on Sporcle, you need to verify the email address you used during registration. Go to your Sporcle Settings to finish the process.

Report this User

Report this user for behavior that violates our Community Guidelines.

Details: